Wir üben deutsche Grammatik

Saved in:
Bibliographic Details
Main Author: Justová, Hana
Format: Book
Language:German
Published: Bratislava Príroda 2001
Subjects:
Tags: Add Tag
No Tags, Be the first to tag this record!

MARC

LEADER 00000nam$a2200000$$$4500
001 0053342
005 20240318115047.4
020 |a 80-07-00421-1 
041 0 |a ger 
044 |a SK 
245 1 0 |a Wir üben deutsche Grammatik  |c Hana Justová 
264 1 |a Bratislava  |b Príroda  |c 2001 
300 |a 79 s. 
500 |a Upravené podľa nových pravidiel nemeckého pravopisu. 
610 2 0 |a jazyky cudzie 
610 2 0 |a jazykoveda 
100 1 |a Justová, Hana